La caverna (Record no. 2383)

MARC details
000 -LEADER
campo de control de longitud fija 01930nam a2200349Ia 4500
003 - IDENTIFICADOR DE NÚMERO DE CONTROL
campo de control CO-BoRNBP
005 - FECHA Y HORA DE LA ÚLTIMA TRANSACCIÓN
campo de control 20231020194924.0
008 - DATOS DE LONGITUD FIJA--INFORMACIÓN GENERAL
campo de control de longitud fija 160315s2009 ck g 000 f spa
020 ## - NÚMERO INTERNACIONAL ESTÁNDAR DEL LIBRO
Número Internacional Estándar del Libro 9587042417
020 ## - NÚMERO INTERNACIONAL ESTÁNDAR DEL LIBRO
Número Internacional Estándar del Libro 9587044789
040 ## - FUENTE DE CATALOGACIÓN
Centro catalogador/agencia de origen CO-BoRNBP
Lengua de catalogación spa
Normas de descripción rda
Centro/agencia transcriptor CO-BoRNBP
082 04 - NÚMERO DE LA CLASIFICACIÓN DECIMAL DEWEY
Número de edición 22
Número de clasificación P869.3 S243ca
100 1# - ENTRADA PRINCIPAL--NOMBRE DE PERSONA
Nombre de persona Saramago, José,
Fechas asociadas al nombre 1922-
9 (RLIN) 10239
245 13 - MENCIÓN DEL TÍTULO
Título La caverna
Mención de responsabilidad, etc. José Saramago ; traducido por Pilar del Río
250 ## - MENCION DE EDICION
Mención de edición 1a. reimpresión
264 ## - PRODUCCIÓN, PUBLICACIÓN, DISTRIBUCIÓN, FABRICACIÓN Y COPYRIGHT
Producción, publicación, distribución, fabricación y copyright Bogotá
Nombre del de productor, editor, distribuidor, fabricante Punto de lectura
Fecha de producción, publicación, distribución, fabricación o copyright 2009
300 ## - DESCRIPCIÓN FÍSICA
Extensión 399 páginas
Dimensiones 19 cm
336 ## - TIPO DE CONTENIDO
Término de tipo de contenido texto
Código de tipo de contenido txt
Fuente rdacontent
337 ## - TIPO DE MEDIO
Nombre/término del tipo de medio sin mediación
Código del tipo de medio n
Fuente rdamedia
338 ## - TIPO DE SOPORTE
Nombre/término del tipo de soporte volumen
Código del tipo de soporte nc
Fuente rdacarrier
490 ## - MENCIÓN DE SERIE
Mención de serie Punto de Lectura
Designación de volumen o secuencia 8/6
500 ## - NOTA GENERAL
Nota general Incluye datos biográficos del autor
520 ## - RESUMEN, ETC.
Sumario, etc. Una pequeña alfarería, un centro comercial gigantesco. Un mundo en rápido proceso de extinción, otro que crece y se multiplica como un juego de espejos donde no parece haber límites para la ilusión engañosa. Todos los días se extinguen especies animales y vegetales, todos los días hay profesiones que se tornan inútiles, idiomas que dejan de tener personas que los hablen, tradiciones que pierden sentido, sentimientos que se convierten en sus contrarios. Una familia de alfareros comprende que ha dejado de serle necesaria al mundo. Como una serpiente que muda de piel para poder crecer en otra que más adelante también se volverá pequeña, el centro comercial dice a la alfarería: «Muere, ya no necesito de ti». La caverna, una novela para cruzar el milenio.
534 ## - NOTA SOBRE LA VERSIÓN ORIGINAL
Mención de título del original A Caverna
650 14 - PUNTO DE ACCESO ADICIONAL DE MATERIA--TÉRMINO DE MATERIA
Fuente del encabezamiento o término LEMB
Término de materia o nombre geográfico como elemento de entrada Novela portuguesa
Subdivisión cronológica Siglo XX
9 (RLIN) 10240
650 14 - PUNTO DE ACCESO ADICIONAL DE MATERIA--TÉRMINO DE MATERIA
Fuente del encabezamiento o término LEMB
Término de materia o nombre geográfico como elemento de entrada Literatura portuguesa
Subdivisión cronológica Siglo XX
9 (RLIN) 10241
650 14 - PUNTO DE ACCESO ADICIONAL DE MATERIA--TÉRMINO DE MATERIA
Fuente del encabezamiento o término LEMB
Término de materia o nombre geográfico como elemento de entrada Alfareros en la literatura
9 (RLIN) 46597
650 14 - PUNTO DE ACCESO ADICIONAL DE MATERIA--TÉRMINO DE MATERIA
Fuente del encabezamiento o término LEMB
Término de materia o nombre geográfico como elemento de entrada Cambio social en la literatura
9 (RLIN) 46598
650 14 - PUNTO DE ACCESO ADICIONAL DE MATERIA--TÉRMINO DE MATERIA
Fuente del encabezamiento o término LEMB
Término de materia o nombre geográfico como elemento de entrada Tradiciones en la literatura
9 (RLIN) 46599
700 1# - ENTRADA AGREGADA--NOMBRE PERSONAL
Nombre de persona Río, Pilar de
Término indicativo de función/relación traductor
9 (RLIN) 46600
942 ## - ELEMENTOS DE ENTRADA SECUNDARIOS (KOHA)
Fuente del sistema de clasificación o colocación Clasificación Decimal Dewey
Tipo de ítem Koha Libros
Holdings
Estatus retirado Estado de pérdida Fuente del sistema de clasificación o colocación Estado de daño No para préstamo Biblioteca de origen Biblioteca actual Fecha de adquisición Total de préstamos Total de renovaciones Signatura topográfica completa Código de barras Visto por última vez Fecha del último préstamo Copia número Precio de reemplazo Tipo de ítem Koha
    Clasificación Decimal Dewey     BIBLIOTECA PÚBLICA MUNICIPAL RAMON CORREA MEJIA BIBLIOTECA PÚBLICA MUNICIPAL RAMON CORREA MEJIA 20/10/2023 5 3 P869.3 S243ca 33635 26/02/2026 19/02/2026 Ej.1 20/10/2023 Libros

Powered by Koha